Meeting of Religions (Record no. 3464)

MARC details
000 -LEADER
fixed length control field 00632nam a2200241 a 4500
020 ## - INTERNATIONAL STANDARD BOOK NUMBER
ISBN
082 00 - DEWEY DECIMAL CLASSIFICATION NUMBER
Classification number 291.172
Author Cutter AYK
100 ## - MAIN ENTRY--AUTHOR NAME
Author name Aykara, Thomas A
245 ## - TITLE STATEMENT
Title Meeting of Religions
Sub title New Orientations and Perspectives.
260 ## - PUBLICATION, DISTRIBUTION, ETC. (IMPRINT)
Place of publication Bangalore
Name of publisher Dharmaram Publications
Year of publication 1987
300 ## - PHYSICAL DESCRIPTION
Number of Pages 185p
500 ## - GENERAL NOTE
General note includes index and biblioraphy
505 2# - FORMATTED CONTENTS NOTE
Formatted contents note Index
650 ## - SUBJECT ADDED ENTRY--TOPICAL TERM
Topical Term Reconciliation-Interfaith Dialogue
942 ## - ADDED ENTRY ELEMENTS (KOHA)
Koha item type Books
700 1# -
-- Aykara, Thomas A
Holdings
Home library Current library Date acquired Cost, normal purchase price Full call number Accession Number Koha item type
Henry Martyn Institute Library Henry Martyn Institute Library 07/16/2007 15.00 291.172 AYK 08945 E-Books
                   Copyright © 2026 | Henry Martyn Institute | Hyderabad | TS-500052 | INDIA | Implemented by hmi.edu.in
Hit-Count:

Powered by Koha